| 000 | 00475cam a22001934a 4500 | ||
|---|---|---|---|
| 005 | 20250605164326.0 | ||
| 008 | 250528s ||||||||||||||||||||||||d | ||
| 035 | _a23042 | ||
| 020 | _a9780139554025 | ||
| 040 |
_aGR-AtMCL _bgre _dGR-AtMCL _eAACR2 |
||
| 245 | 1 | _aTHEORIES OF DEVELOPMENT: CONCEPTS AND APPLICATIONS | |
| 250 | _a4 | ||
| 260 |
_bPrentice Hall, _c2000 |
||
| 300 | _a420 | ||
| 700 | 1 |
_aCrain William _93034 |
|
| 942 | _cBK | ||
| 999 |
_c8082 _d8082 |
||